[Event "HUN-chT2 Erkel 2324"]
[Site "Hunagry"]
[Date "2024.02.18"]
[Round "4.9"]
[White "Csetneki, Mark"]
[Black "Makay, Andor"]
[Result "1-0"]
[WhiteElo "1881"]
[BlackElo "1616"]
[PlyCount "67"]
[EventDate "2023.10.08"]
[EventType "team-tourn"]
[EventRounds "9"]
[EventCountry "HUN"]
[SourceTitle "EXT 2025"]
[Source "ChessBase"]
[SourceDate "2024.10.14"]
[SourceVersion "1"]
[SourceVersionDate "2024.10.14"]
[SourceQuality "1"]
[WhiteTeam "HASE"]
[BlackTeam "Vizugyi"]
[WhiteTeamCountry "HUN"]
[BlackTeamCountry "HUN"]

1. d4 d5 2. c4 e6 3. Nf3 Nc6 4. g3 Nf6 5. Bg2 dxc4 6. 0-0 Be7 7. Nc3 a6 8. Qa4 Bd7 9. Qxc4 b5 10. Qd3 Nb4 11. Qd1 Nbd5 12. Ne5 0-0 13. e4 Nb6 14. Bg5 h6 15. Bxf6 Bxf6 16. Nxd7 Qxd7 17. e5 Be7 18. Bxa8 Rxa8 19. Qg4 Rf8 20. Rad1 f5 21. exf6 Bxf6 22. Ne4 Be7 23. Rfe1 Qc8 24. Nc5 Bxc5 25. dxc5 Nc4 26. b3 Na5 27. Rxe6 Kh8 28. Rde1 Nb7 29. Qd4 Kh7 30. Re7 Rg8 31. R1e6 Qd8 32. Qe4+ Kh8 33. Rxh6+ gxh6 34. Qh7# 1-0

[Event "HUN-chT2 Erkel 2223"]
[Site "Hungary"]
[Date "2023.04.23"]
[Round "9.10"]
[White "Makay, Andor"]
[Black "Muranyi, Peter"]
[Result "0-1"]
[WhiteElo "1629"]
[BlackElo "1995"]
[PlyCount "100"]
[EventDate "2022.11.20"]
[EventType "team-tourn"]
[EventRounds "9"]
[EventCountry "HUN"]
[SourceTitle "EXT 2025"]
[Source "ChessBase"]
[SourceDate "2024.10.14"]
[SourceVersion "1"]
[SourceVersionDate "2024.10.14"]
[SourceQuality "1"]
[WhiteTeam "Vizugy"]
[BlackTeam "Magyar Sakkvilag"]
[WhiteTeamCountry "HUN"]
[BlackTeamCountry "HUN"]

1. c4 b6 2. Nc3 Bb7 3. e4 e5 4. Nf3 Nc6 5. a3 a5 6. Be2 Bc5 7. Rb1 d6 8. Na4 Nge7 9. Nxc5 bxc5 10. d3 0-0 11. 0-0 f5 12. exf5 Nxf5 13. Bd2 Rb8 14. Ng5 Ncd4 15. Bg4 h6 16. Ne4 c6 17. Ng3 Bc8 18. Nxf5 Bxf5 19. Bxf5 Rxf5 20. Qg4 Qf6 21. Qd1 Rf8 22. Be3 Qh4 23. Bxd4 Qxd4 24. Qd2 R8f6 25. Qe3 Rxf2 26. Qxd4 Rxf1+ 27. Rxf1 Rxf1+ 28. Kxf1 cxd4 29. Ke2 Kf7 30. b4 axb4 31. axb4 Ke6 32. Kf3 h5 33. h3 d5 34. c5 Kd7 35. g4 hxg4+ 36. hxg4 g5 37. Ke2 e4 38. dxe4 dxe4 39. Kd2 Kc7 40. Kc2 Kb7 41. Kb3 Ka6 42. Kc4 d3 43. b5+ cxb5+ 44. Kc3 b4+ 45. Kxb4 d2 46. c6 d1Q 47. c7 Qc2 48. c8Q+ Qxc8 49. Kb3 Kb5 50. Kb2 Kb4 0-1

[Event "HUN-chT2 Erkel 2122"]
[Site "Hungary"]
[Date "2022.01.30"]
[Round "5.9"]
[White "Makay, Andor"]
[Black "Losonczy, Istvan"]
[Result "1-0"]
[WhiteElo "1616"]
[BlackElo "1731"]
[PlyCount "79"]
[EventDate "2021.10.10"]
[EventType "team-tourn"]
[EventRounds "9"]
[EventCountry "HUN"]
[SourceTitle "EXT 2025"]
[Source "ChessBase"]
[SourceDate "2024.10.14"]
[SourceVersion "1"]
[SourceVersionDate "2024.10.14"]
[SourceQuality "1"]
[WhiteTeam "Vizugy"]
[BlackTeam "Egri Bolyky"]
[WhiteTeamCountry "HUN"]
[BlackTeamCountry "HUN"]

1. e4 c5 2. Nf3 Nc6 3. c3 d5 4. exd5 Qxd5 5. c4 Qe4+ 6. Be2 Qg6 7. Nh4 Qg5 8. g3 Bh3 9. d3 Qf6 10. Nc3 e6 11. Ne4 Qd8 12. Ng5 Be7 13. Nxh3 Bxh4 14. gxh4 Qxh4 15. Ng1 Nf6 16. Nf3 Qh3 17. Bf1 Qh5 18. Bg2 h6 19. h3 0-0-0 20. 0-0 g5 21. Nh2 Qg6 22. Qa4 Kb8 23. Be3 Nd4 24. Bxd4 Rxd4 25. Qb5 Rd7 26. Rad1 Rhd8 27. Ng4 Nxg4 28. hxg4 f5 29. Qxc5 fxg4 30. Qe5+ Ka8 31. Be4 Qf7 32. c5 Rc7 33. b4 Qe7 34. d4 h5 35. b5 h4 36. Rd3 h3 37. b6 axb6 38. Ra3+ Kb8 39. cxb6 Qxa3 40. Qxc7+ 1-0

[Event "HUN-chT2 Breyer 1819"]
[Site "Hungary"]
[Date "2019.03.10"]
[Round "7.9"]
[White "Makay, Andor"]
[Black "Malomsoki, Laszlo"]
[Result "1-0"]
[WhiteElo "1639"]
[BlackElo "1734"]
[PlyCount "176"]
[EventDate "2018.10.28"]
[EventType "team-tourn"]
[EventRounds "9"]
[EventCountry "HUN"]
[SourceTitle "EXT 2021"]
[Source "ChessBase"]
[SourceDate "2020.10.23"]
[SourceVersion "1"]
[SourceVersionDate "2020.10.23"]
[SourceQuality "1"]
[WhiteTeam "Vizugy"]
[BlackTeam "Kisber Aszar"]
[WhiteTeamCountry "HUN"]
[BlackTeamCountry "HUN"]

1. c4 e6 2. e4 c5 3. Nc3 Nc6 4. Nf3 Nd4 5. d3 Ne7 6. Be3 Nec6 7. a3 Be7 8. g3 d6 9. Bg2 0-0 10. 0-0 b6 11. Rb1 a5 12. Nb5 Bf6 13. Nbxd4 cxd4 14. Bd2 e5 15. b4 Be6 16. h3 Qd7 17. Kh2 h6 18. Ng1 Kh7 19. f4 g6 20. Qc1 Bg7 21. Rb2 Rab8 22. b5 Nd8 23. Be1 Nb7 24. a4 Nc5 25. Qd1 f5 26. exf5 Bxf5 27. Rd2 Rbd8 28. g4 Be6 29. Bc6 Qe7 30. Rdf2 exf4 31. Nf3 g5 32. Re2 Qf6 33. Bf2 d5 34. Bxd4 Qf7 35. Bxc5 bxc5 36. Rfe1 Rd6 37. Ne5 Qf6 38. cxd5 Bxd5 39. Nd7 Qf7 40. Re7 Qg8 41. Nxf8+ Qxf8 42. d4 Bf7 43. Qc2+ Bg6 44. Qxc5 Qf6 45. R1e5 f3 46. Rxg7+ Kxg7 47. Qa7+ Bf7 48. Rf5 Qe6 49. Bxf3 Rd7 50. Qc5 Qa2+ 51. Bg2 Qxa4 52. Qe5+ Kg8 53. Qf6 Qxd4 54. Qxh6 Qd6+ 55. Qxd6 Rxd6 56. Rxg5+ Kf8 57. b6 Rxb6 58. Rxa5 Kg7 59. h4 Be6 60. Kg3 Rb3+ 61. Bf3 Rb1 62. Ra7+ Kf6 63. g5+ Ke5 64. Ra5+ Kd6 65. h5 Rg1+ 66. Kf4 Bf7 67. Ra6+ Ke7 68. g6 Be8 69. Ra7+ Kf6 70. Ra6+ Ke7 71. Bg4 Rg2 72. Kg5 Bd7 73. Ra7 Rxg4+ 74. Kh6 Ke8 75. Kh7 Be6 76. Kg7 Rg3 77. Ra8+ Ke7 78. h6 Bf5 79. Ra6 Be4 80. h7 Bxg6 81. Ra7+ Ke6 82. Ra6+ Ke7 83. Ra7+ Ke6 84. h8Q Bf7+ 85. Kf8 Bg6 86. Re7+ Kf5 87. Qe5+ Kg4 88. Rg7 Kh4 1-0

[Event "HUN-chT2 Breyer 1819"]
[Site "Hungary"]
[Date "2018.11.18"]
[Round "2.9"]
[White "Dibusz, Ferenc"]
[Black "Makay, Andor"]
[Result "1-0"]
[WhiteElo "2180"]
[BlackElo "1639"]
[PlyCount "81"]
[EventDate "2018.10.28"]
[EventType "team-tourn"]
[EventRounds "9"]
[EventCountry "HUN"]
[SourceTitle "CBM 189 Extra"]
[Source "ChessBase"]
[SourceDate "2019.05.31"]
[SourceVersion "1"]
[SourceVersionDate "2019.05.31"]
[SourceQuality "1"]
[WhiteTeam "Naszaly Geniusz Tata"]
[BlackTeam "Vizugy"]
[WhiteTeamCountry "HUN"]
[BlackTeamCountry "HUN"]

1. c4 e6 2. e4 c5 3. Nc3 Nc6 4. f4 d6 5. Nf3 Bd7 6. d3 Be7 7. Be3 h6 8. Qd2 Qc7 9. Be2 a6 10. h3 Nf6 11. 0-0 e5 12. Nd5 Nxd5 13. exd5 Nd4 14. Rae1 Nxe2+ 15. Rxe2 b5 16. fxe5 0-0 17. Bf4 f6 18. e6 Be8 19. Nh4 g5 20. Nf5 Kh7 21. g4 Bg6 22. Bg3 h5 23. gxh5 Bxf5 24. Rxf5 Rg8 25. Re4 Raf8 26. Rg4 Qd8 27. h4 gxh4 28. Rg6 Rxg6 29. hxg6+ Kg7 30. Bxh4 Rh8 31. Rf4 Rh6 32. Rg4 Qh8 33. Qf4 Rh5 34. Kg2 Re5 35. Bg3 f5 36. Bh4 Qf8 37. Bxe7 Qxe7 38. Rh4 Qe8 39. Qh6+ Kf6 40. g7+ Qg6+ 41. Qxg6+ 1-0

[Event "HUN-chT2 Toth 0708"]
[Site "Hungary"]
[Date "2008.05.18"]
[Round "11"]
[White "Makay, Andor"]
[Black "Puha, Peter"]
[Result "0-1"]
[WhiteElo "1891"]
[BlackElo "1999"]
[PlyCount "90"]
[EventDate "2007.10.14"]
[EventType "team-tourn"]
[EventRounds "11"]
[EventCountry "HUN"]
[SourceTitle "EXT 2009"]
[Source "ChessBase"]
[SourceDate "2008.11.26"]
[SourceVersion "1"]
[SourceVersionDate "2008.11.26"]
[SourceQuality "1"]
[WhiteTeam "Szentes"]
[BlackTeam "Karcag"]
[WhiteTeamCountry "HUN"]
[BlackTeamCountry "HUN"]

1. c4 e5 2. Nc3 Nf6 3. a3 d5 4. cxd5 Nxd5 5. e3 Be6 6. Nf3 Bd6 7. Ne4 h6 8. Be2 0-0 9. Nxd6 cxd6 10. e4 Nf4 11. Bf1 Bg4 12. d4 Qf6 13. h3 Bxf3 14. Qxf3 Nc6 15. Be3 Nxd4 16. Bxd4 exd4 17. g3 Nd5 18. Qxf6 Nxf6 19. Bd3 Nxe4 20. 0-0 Nd2 21. Rfd1 Nb3 22. Rab1 Rac8 23. Be4 Rc5 24. Rd3 Nc1 25. Rd2 Re8 26. b4 Rc7 27. f3 Re5 28. Kf2 d5 29. Bd3 Nxd3+ 30. Rxd3 Rc2+ 31. Kf1 Ree2 32. Re1 Rh2 33. Kg1 Rxh3 34. f4 Rhh2 35. Red1 Rhg2+ 36. Kh1 Kh7 37. Rxd4 Rxg3 38. R4d3 Rxd3 39. Rxd3 Rf2 40. Rd4 Kg6 41. Kg1 Ra2 42. Rd3 h5 43. Rxd5 Rxa3 44. Rg5+ Kh6 45. Kg2 h4 0-1

[Event "HUN-chT2 Toth 0708"]
[Site "Hungary"]
[Date "2008.03.16"]
[Round "8"]
[White "Petro, Jozsef"]
[Black "Makay, Andor"]
[Result "1-0"]
[WhiteElo "2141"]
[BlackElo "1891"]
[PlyCount "63"]
[EventDate "2007.10.14"]
[EventType "team-tourn"]
[EventRounds "11"]
[EventCountry "HUN"]
[SourceTitle "EXT 2009"]
[Source "ChessBase"]
[SourceDate "2008.11.26"]
[SourceVersion "1"]
[SourceVersionDate "2008.11.26"]
[SourceQuality "1"]
[WhiteTeam "Bekes"]
[BlackTeam "Szentes"]
[WhiteTeamCountry "HUN"]
[BlackTeamCountry "HUN"]

1. f4 Nf6 2. Nf3 d6 3. g3 c6 4. Bg2 Bg4 5. 0-0 Bxf3 6. Bxf3 h5 7. e4 Nbd7 8. Nc3 e5 9. f5 g5 10. fxg6 fxg6 11. d3 Bh6 12. Bxh6 Rxh6 13. Qd2 Ng8 14. Rf2 Rh7 15. Raf1 Qe7 16. b4 Nh6 17. b5 g5 18. Bxh5+ Kd8 19. bxc6 bxc6 20. Na4 Kc7 21. Qa5+ Kc8 22. d4 Qd8 23. Qxd8+ Kxd8 24. Rf8+ Kc7 25. Rxa8 Kb7 26. Re8 exd4 27. Rb1+ Kc7 28. Ra8 Nf6 29. Bg6 Re7 30. Rxa7+ Kc8 31. Rxe7 Nhg8 32. Ra7 1-0

[Event "HUN-chT2 Toth 0607"]
[Site "Hungary"]
[Date "2007.04.29"]
[Round "9"]
[White "Makay, Andor"]
[Black "Tanacs, Anna"]
[Result "1/2-1/2"]
[WhiteElo "1918"]
[BlackElo "1882"]
[PlyCount "84"]
[EventDate "2006.11.12"]
[EventType "team-tourn"]
[EventRounds "11"]
[EventCountry "HUN"]
[SourceTitle "EXT 2025"]
[Source "ChessBase"]
[SourceDate "2024.10.14"]
[SourceVersion "1"]
[SourceVersionDate "2024.10.14"]
[SourceQuality "1"]
[WhiteTeam "Szentes Spart"]
[BlackTeam "Maroczy II"]
[WhiteTeamCountry "HUN"]
[BlackTeamCountry "HUN"]

1. e4 c6 2. e5 d5 3. exd6 exd6 4. h3 Nf6 5. Nf3 Be7 6. Be2 0-0 7. 0-0 d5 8. d3 Qc7 9. Be3 Nbd7 10. Qd2 Bd6 11. Nc3 a6 12. a3 Re8 13. b4 Ne5 14. Rfe1 Nxf3+ 15. Bxf3 Be5 16. d4 Bd6 17. Bg5 Be6 18. Bxf6 gxf6 19. Qd3 Qd7 20. Na4 Bc7 21. Nc5 Qd6 22. g3 Rab8 23. Bg2 Kh8 24. Qf3 Qe7 25. Re2 Bd6 26. Nxe6 fxe6 27. Rae1 Qf7 28. h4 Re7 29. Bh3 f5 30. Kh1 Rg8 31. Rg1 Qf6 32. c3 Reg7 33. Rge1 Re7 34. Rg1 Reg7 35. Rg2 Rg6 36. Qe3 f4 37. Qf3 fxg3 38. Qxf6+ Rxf6 39. fxg3 Bxg3 40. Rg1 Bxh4 41. Rxg8+ Kxg8 42. Bxe6+ Kf8 1/2-1/2

[Event "HUN-chT2 Toth 0607"]
[Site "Hungary"]
[Date "2007.02.18"]
[Round "5"]
[White "Makay, Andor"]
[Black "Amstadt, Aron"]
[Result "0-1"]
[WhiteElo "1918"]
[BlackElo "1886"]
[PlyCount "68"]
[EventDate "2006.11.12"]
[EventType "team-tourn"]
[EventRounds "11"]
[EventCountry "HUN"]
[SourceTitle "EXT 2025"]
[Source "ChessBase"]
[SourceDate "2024.10.14"]
[SourceVersion "1"]
[SourceVersionDate "2024.10.14"]
[SourceQuality "1"]
[WhiteTeam "Szentes Spart"]
[BlackTeam "Baja"]
[WhiteTeamCountry "HUN"]
[BlackTeamCountry "HUN"]

1. f4 Nf6 2. d3 d5 3. Nf3 g6 4. c3 Bg7 5. h3 0-0 6. e3 c5 7. d4 b6 8. Bd3 Ba6 9. Bc2 Nbd7 10. Nbd2 Rc8 11. Kf2 Qc7 12. Re1 Ne8 13. Ne5 Nd6 14. Nxd7 Qxd7 15. Nf3 Qb7 16. Kg1 b5 17. Ne5 b4 18. dxc5 Rxc5 19. cxb4 Qxb4 20. Bb3 Bxe5 21. Bd2 Qb7 22. fxe5 Ne4 23. Bc3 Nxc3 24. bxc3 e6 25. Qd4 Qc7 26. Rac1 Rc8 27. e4 dxe4 28. Rxe4 Rd8 29. Qb4 Rxe5 30. Kh1 Rxe4 31. Qxe4 Bb7 32. Qe3 Qc6 33. Rg1 a6 34. c4 Rd6 0-1